[Event "Grand Swiss "]
[Date "2025.09.15"]
[White "Mendonca, Leon Luke"]
[Black "Grischuk, Alexander"]
[WhiteElo "2615"]
[BlackElo "2657"]
[Round "11.11.29"]
[Result "0-1"]

1. d4 {[%clk 01:39:50] [%emt 00:01:09]} Nf6 {[%clk 01:40:48] [%emt 00:00:12]} 2.
Nf3 {[%clk 01:39:46] [%emt 00:00:33]} g6 {[%clk 01:40:43] [%emt 00:00:36]} 3.
Nbd2 {[%clk 01:35:11] [%emt 00:05:05]} d5 {[%clk 01:34:03] [%emt 00:07:09]} 4.
c4 {[%clk 01:34:53] [%emt 00:00:48]} c5 {[%clk 01:21:28] [%emt 00:13:06]} 5.
dxc5 {[%clk 01:34:04] [%emt 00:01:19]} Bg7 {[%clk 01:16:45] [%emt 00:05:13]} 6.
e3 {[%clk 01:33:56] [%emt 00:00:38]} Na6 {[%clk 01:01:04] [%emt 00:16:11]} 7.
Qa4+ {[%clk 01:15:01] [%emt 00:19:26]} Nd7 {[%clk 00:58:31] [%emt 00:03:03]} 8.
cxd5 {[%clk 01:09:03] [%emt 00:06:28]} O-O {[%clk 00:57:29] [%emt 00:01:32]} 9.
c6 {[%clk 00:38:02] [%emt 00:31:32]} Ndc5 {[%clk 00:45:25] [%emt 00:12:34]} 10.
Qa3 {[%clk 00:37:02] [%emt 00:01:31]} Qxd5 {[%clk 00:40:39] [%emt 00:05:15]} 11.
cxb7 {[%clk 00:36:05] [%emt 00:01:27]} Qxb7 {[%clk 00:36:57] [%emt 00:04:11]}
12. Bxa6 {[%clk 00:24:49] [%emt 00:11:47]} Nxa6 {[%clk 00:35:39] [%emt
00:01:47]} 13. O-O {[%clk 00:25:13] [%emt 00:00:06]} Nb4 {[%clk 00:31:21] [%emt
00:04:49]} 14. Qa5 {[%clk 00:24:40] [%emt 00:01:03]} Bf5 {[%clk 00:21:29] [%emt
00:10:22]} 15. e4 {[%clk 00:19:20] [%emt 00:05:51]} Be6 {[%clk 00:19:50] [%emt
00:02:09]} 16. Nb3 {[%clk 00:14:37] [%emt 00:05:13]} Bc4 {[%clk 00:10:59] [%emt
00:09:21]} 17. Rd1 {[%clk 00:15:02] [%emt 00:00:05]} Rfc8 {[%clk 00:11:21] [%emt
00:00:08]} 18. Nbd4 {[%clk 00:09:30] [%emt 00:06:02]} Qb6 {[%clk 00:06:50] [%emt
00:05:01]} 19. Qxb6 {[%clk 00:09:37] [%emt 00:00:22]} axb6 {[%clk 00:07:19]
[%emt 00:00:01]} 20. e5 {[%clk 00:09:28] [%emt 00:00:39]} Rxa2 {[%clk 00:06:28]
[%emt 00:01:22]} 21. Rxa2 {[%clk 00:09:51] [%emt 00:00:07]} Bxa2 {[%clk
00:06:51] [%emt 00:00:06]} 22. Be3 {[%clk 00:06:44] [%emt 00:03:37]} Bd5 {[%clk
00:06:29] [%emt 00:00:52]} 23. h4 {[%clk 00:06:49] [%emt 00:00:26]} e6 {[%clk
00:05:19] [%emt 00:01:40]} 24. Kh2 {[%clk 00:03:55] [%emt 00:03:24]} h6 {[%clk
00:05:28] [%emt 00:00:21]} 25. Kh3 {[%clk 00:04:06] [%emt 00:00:18]} Kh7 {[%clk
00:04:21] [%emt 00:01:37]} 26. Bf4 {[%clk 00:02:58] [%emt 00:01:38]} Be4 {[%clk
00:04:01] [%emt 00:00:50]} 27. Bg3 {[%clk 00:02:10] [%emt 00:01:18]} Nd3 {[%clk
00:03:29] [%emt 00:01:01]} 28. b3 {[%clk 00:01:56] [%emt 00:00:44]} Rc1 {[%clk
00:02:01] [%emt 00:01:58]} 29. Rxc1 {[%clk 00:02:16] [%emt 00:00:11]} Nxc1
{[%clk 00:02:29] [%emt 00:00:01]} 30. Nd2 {[%clk 00:01:13] [%emt 00:01:33]} Bd5
{[%clk 00:02:54] [%emt 00:00:04]} 31. f4 {[%clk 00:00:51] [%emt 00:00:52]} Bf8
{[%clk 00:02:56] [%emt 00:00:28]} 32. Bf2 {[%clk 00:00:56] [%emt 00:00:25]} Bc5
{[%clk 00:03:05] [%emt 00:00:21]} 33. g3 {[%clk 00:00:33] [%emt 00:00:54]} b5
{[%clk 00:02:23] [%emt 00:01:13]} 34. Bg1 {[%clk 00:00:32] [%emt 00:00:31]} b4
{[%clk 00:01:00] [%emt 00:01:53]} 35. Kh2 {[%clk 00:00:37] [%emt 00:00:25]} g5
{[%clk 00:01:11] [%emt 00:00:18]} 36. hxg5 {[%clk 00:00:51] [%emt 00:00:16]}
hxg5 {[%clk 00:01:40] [%emt 00:00:02]} 37. Nb5 {[%clk 00:00:33] [%emt 00:00:49]}
Bxg1+ {[%clk 00:01:10] [%emt 00:01:00]} 38. Kxg1 {[%clk 00:01:02]} Bxb3 {[%clk
00:00:53] [%emt 00:00:48]} 39. Kf2 {[%clk 00:00:36] [%emt 00:00:55]} Bd5 {[%clk
00:01:03] [%emt 00:00:19]} 40. Ke3 {[%clk 00:00:43] [%emt 00:00:24]} Kg6 {[%clk
00:01:25] [%emt 00:00:08]} 41. fxg5 {[%clk 00:39:12] [%emt 00:12:01]} Kxg5
{[%clk 00:40:36] [%emt 00:11:19]} 42. Nd6 {[%clk 00:38:30] [%emt 00:01:12]} Kg6
{[%clk 00:40:22] [%emt 00:00:43]} 43. g4 {[%clk 00:37:29] [%emt 00:01:32]} Na2
{[%clk 00:22:33] [%emt 00:18:18]} 44. Kd3 {[%clk 00:29:36] [%emt 00:08:23]} Nc3
{[%clk 00:17:42] [%emt 00:05:21]} 45. Nf1 {[%clk 00:27:02] [%emt 00:03:04]} Na4
{[%clk 00:16:38] [%emt 00:01:34]} 46. Ne3 {[%clk 00:26:53] [%emt 00:00:40]} Ba2
{[%clk 00:15:55] [%emt 00:01:13]} 47. Nec4 {[%clk 00:16:32] [%emt 00:10:51]}
Bb1+ {[%clk 00:09:23] [%emt 00:07:01]} 48. Kd2 {[%clk 00:16:29] [%emt 00:00:33]}
Ba2 {[%clk 00:08:46] [%emt 00:01:07]} 49. Kd3 {[%clk 00:16:00] [%emt 00:00:59]}
Bb1+ {[%clk 00:08:57] [%emt 00:00:20]} 50. Kd2 {[%clk 00:16:24] [%emt 00:00:06]}
Kg7 {[%clk 00:07:25] [%emt 00:02:01]} 51. Na5 {[%clk 00:10:59] [%emt 00:05:56]}
Ba2 {[%clk 00:06:03] [%emt 00:01:52]} 52. Kc2 {[%clk 00:05:25] [%emt 00:06:04]}
Kg6 {[%clk 00:02:48] [%emt 00:03:45]} 53. Ne4 {[%clk 00:05:36] [%emt 00:00:19]}
Kh6 {[%clk 00:02:09] [%emt 00:01:10]} 54. Nd6 {[%clk 00:05:14] [%emt 00:00:52]}
Kg7 {[%clk 00:02:36] [%emt 00:00:02]} 55. Ne4 {[%clk 00:02:38] [%emt 00:03:07]}
Kg6 {[%clk 00:03:04] [%emt 00:00:02]} 56. Nf6 {[%clk 00:02:52] [%emt 00:00:16]}
Kg5 {[%clk 00:02:48] [%emt 00:00:47]} 57. Ne4+ {[%clk 00:03:16] [%emt 00:00:05]}
Kg6 {[%clk 00:03:14] [%emt 00:00:04]} 58. Nf6 {[%clk 00:03:45] [%emt 00:00:01]}
Kg5 {[%clk 00:02:32] [%emt 00:01:11]} 59. Ne4+ {[%clk 00:04:14] [%emt 00:00:01]}
Kxg4 {[%clk 00:02:48] [%emt 00:00:14]} 60. Nd6 {[%clk 00:04:36] [%emt 00:00:08]}
Kf4 {[%clk 00:01:34] [%emt 00:01:44]} 61. Nxf7 {[%clk 00:05:04] [%emt 00:00:02]}
Bd5 {[%clk 00:12:09] [%emt 00:04:55]} 62. Nb3 {[%clk 00:18:42] [%emt 00:01:53]}
Ke4 {[%clk 00:04:30] [%emt 00:08:09]} 63. Nd2+ {[%clk 00:19:01] [%emt 00:00:11]}
Ke3 {[%clk 00:04:41] [%emt 00:00:19]} 64. Nb3 {[%clk 00:11:25] [%emt 00:08:07]}
Be4+ {[%clk 00:04:53] [%emt 00:00:18]} 65. Kc1 {[%clk 00:11:48] [%emt 00:00:07]}
Kd3 {[%clk 00:05:05] [%emt 00:00:16]} 66. Na1 {[%clk 00:06:55] [%emt 00:05:23]}
Kc3 {[%clk 00:03:49] [%emt 00:01:46]} 67. Nd6 {[%clk 00:07:20] [%emt 00:00:05]}
Bd3 {[%clk 00:04:09] [%emt 00:00:10]} 68. Nb7 {[%clk 00:07:25] [%emt 00:00:25]}
b3 {[%clk 00:01:13] [%emt 00:03:25]} 69. Nxb3 {[%clk 00:07:50] [%emt 00:00:06]}
Kxb3 {[%clk 00:01:41] [%emt 00:00:02]} 70. Kd2 {[%clk 00:08:14] [%emt 00:00:05]}
Bb1 {[%clk 00:01:19] [%emt 00:00:52]} 71. Ke3 {[%emt 00:00:12]} Kc4 {[%clk
00:01:44] [%emt 00:00:04]} 72. Nd8 {[%clk 00:08:15] [%emt 00:00:49]} Nc5 {[%clk
00:01:57] [%emt 00:00:16]} 73. Kf4 {[%emt 00:00:13]} Kd5 {[%clk 00:02:22] [%emt
00:00:03]} 74. Ke3 {[%clk 00:08:59] [%emt 00:00:05]} Kxe5 {[%clk 00:02:46] [%emt
00:00:06]} 75. Nxe6 {[%clk 00:09:26] [%emt 00:00:03]} Nxe6 {[%clk 00:03:10]
[%emt 00:00:06]} 76. Kd2 {[%clk 00:09:53] [%emt 00:00:03]} Kd4 {[%clk 00:03:34]
[%emt 00:00:06]} 77. Ke2 {[%clk 00:10:19] [%emt 00:00:06]} Ng5 {[%clk 00:03:43]
[%emt 00:00:19]} 78. Kd2 {[%clk 00:10:44] [%emt 00:00:06]} Bd3 {[%clk 00:04:02]
[%emt 00:00:10]} 79. Kc1 {[%clk 00:11:02] [%emt 00:00:13]} Kc3 {[%clk 00:04:23]
[%emt 00:00:08]} 80. Kd1 {[%clk 00:11:31] [%emt 00:00:02]} Nf3 {[%clk 00:04:43]
[%emt 00:00:10]} 81. Kc1 {[%clk 00:11:58] [%emt 00:00:04]} Be2 {[%clk 00:05:04]
[%emt 00:00:09]} 82. Kb1 {[%clk 00:12:25] [%emt 00:00:03]} Nd4 {[%clk 00:05:28]
[%emt 00:00:05]} 83. Ka2 {[%clk 00:12:47] [%emt 00:00:09]} Nc2 {[%clk 00:05:50]
[%emt 00:00:07]} 84. Kb1 {[%clk 00:13:13] [%emt 00:00:04]} Bc4 {[%clk 00:06:16]
[%emt 00:00:04]} 85. Kc1 {[%clk 00:13:41] [%emt 00:00:03]} Ba2 {[%clk 00:06:37]
[%emt 00:00:09]} 86. Kd1 {[%clk 00:14:08] [%emt 00:00:03]} Nd4 {[%clk 00:07:03]
[%emt 00:00:05]} 87. Ke1 {[%clk 00:14:36] [%emt 00:00:02]} Kd3 {[%clk 00:07:28]
[%emt 00:00:05]} 88. Kf2 {[%clk 00:15:03] [%emt 00:00:03]} Ne2 {[%clk 00:07:53]
[%emt 00:00:05]} 89. Kf3 {[%clk 00:15:30] [%emt 00:00:03]} Be6 {[%clk 00:08:18]
[%emt 00:00:04]} 90. Kf2 {[%clk 00:15:57] [%emt 00:00:03]} Bd5 {[%clk 00:08:43]
[%emt 00:00:05]} 0-1

[Site "Europe Echecs"]

[Event "Grand Swiss "]
[Date "2025.09.15"]
[White "Mamedov, Rauf"]
[Black "Dardha, Daniel"]
[WhiteElo "2651"]
[BlackElo "2624"]
[Round "11.11.30"]
[Result "1-0"]

1. e4 {[%clk 01:40:56] [%emt 00:00:04]} e5 {[%clk 01:40:50] [%emt 00:00:10]} 2.
Nf3 {[%clk 01:41:22] [%emt 00:00:04]} Nc6 {[%clk 01:41:15] [%emt 00:00:05]} 3.
Bc4 {[%clk 01:41:49] [%emt 00:00:03]} Bc5 {[%clk 01:41:33] [%emt 00:00:13]} 4.
c3 {[%clk 01:42:15] [%emt 00:00:04]} Nf6 {[%clk 01:41:54] [%emt 00:00:09]} 5. d3
{[%clk 01:42:40] [%emt 00:00:04]} d6 {[%clk 01:41:46] [%emt 00:00:38]} 6. b4
{[%clk 01:42:54] [%emt 00:00:17]} Bb6 {[%clk 01:42:09] [%emt 00:00:07]} 7. a4
{[%clk 01:43:21] [%emt 00:00:02]} a5 {[%clk 01:40:02] [%emt 00:02:37]} 8. b5
{[%clk 01:43:13] [%emt 00:00:38]} Ne7 {[%clk 01:40:23] [%emt 00:00:08]} 9. Nbd2
{[%clk 01:43:33] [%emt 00:00:10]} Ng6 {[%clk 01:37:14] [%emt 00:03:39]} 10. O-O
{[%clk 01:42:28] [%emt 00:01:35]} O-O {[%clk 01:36:35] [%emt 00:01:09]} 11. Re1
{[%clk 01:42:00] [%emt 00:00:59]} c6 {[%clk 01:30:19] [%emt 00:06:46]} 12. Ba3
{[%clk 01:25:02] [%emt 00:17:27]} Re8 {[%clk 01:19:14] [%emt 00:11:35]} 13. bxc6
{[%clk 01:17:28] [%emt 00:08:05]} bxc6 {[%clk 01:19:40] [%emt 00:00:04]} 14. d4
{[%clk 01:17:55] [%emt 00:00:02]} exd4 {[%clk 01:06:19] [%emt 00:13:51]} 15.
cxd4 {[%clk 01:12:08] [%emt 00:06:18]} d5 {[%clk 00:57:32] [%emt 00:09:17]} 16.
exd5 {[%clk 01:09:08] [%emt 00:03:30]} Rxe1+ {[%clk 00:56:12] [%emt 00:01:50]}
17. Qxe1 {[%clk 01:09:28] [%emt 00:00:09]} cxd5 {[%clk 00:53:49] [%emt
00:02:53]} 18. Bb5 {[%clk 01:09:21] [%emt 00:00:37]} Bf5 {[%clk 00:53:10] [%emt
00:01:09]} 19. Rc1 {[%clk 01:00:08] [%emt 00:09:43]} Ne4 {[%clk 00:43:08] [%emt
00:10:31]} 20. Qe3 {[%clk 00:49:40] [%emt 00:10:58]} Rc8 {[%clk 00:32:59] [%emt
00:10:40]} 21. Bc5 {[%clk 00:42:53] [%emt 00:07:18]} Nxc5 {[%clk 00:24:40] [%emt
00:08:49]} 22. dxc5 {[%clk 00:42:33] [%emt 00:00:50]} Bc7 {[%clk 00:21:31] [%emt
00:03:39]} 23. g3 {[%clk 00:41:51] [%emt 00:01:11]} Qf6 {[%clk 00:20:29] [%emt
00:01:33]} 24. Re1 {[%clk 00:38:43] [%emt 00:03:38]} Nf8 {[%clk 00:16:46] [%emt
00:04:12]} 25. Qd4 {[%clk 00:36:33] [%emt 00:02:40]} Ne6 {[%clk 00:14:24] [%emt
00:02:52]} 26. Qxd5 {[%clk 00:21:36] [%emt 00:15:27]} g6 {[%clk 00:13:54] [%emt
00:01:00]} 27. Bd7 {[%clk 00:17:33] [%emt 00:04:33]} Rd8 {[%clk 00:11:05] [%emt
00:03:20]} 28. Qc6 {[%clk 00:16:19] [%emt 00:01:44]} Bb8 {[%clk 00:10:36] [%emt
00:01:00]} 29. Bxe6 {[%clk 00:11:58] [%emt 00:04:51]} Bxe6 {[%clk 00:10:49]
[%emt 00:00:16]} 30. Qb6 {[%clk 00:12:24] [%emt 00:00:03]} Rc8 {[%clk 00:09:04]
[%emt 00:02:16]} 31. Kg2 {[%clk 00:09:22] [%emt 00:03:32]} Bc7 {[%clk 00:06:12]
[%emt 00:03:22]} 32. Qb7 {[%clk 00:09:46] [%emt 00:00:06]} Qd8 {[%clk 00:05:46]
[%emt 00:00:56]} 33. Rxe6 {[%clk 00:07:25] [%emt 00:02:51]} fxe6 {[%clk
00:06:04] [%emt 00:00:12]} 34. Ne4 {[%clk 00:07:36] [%emt 00:00:19]} Rb8 {[%clk
00:04:08] [%emt 00:02:27]} 35. Qa6 {[%clk 00:06:29] [%emt 00:01:37]} Qe7 {[%clk
00:03:58] [%emt 00:00:40]} 36. Nd4 {[%clk 00:05:47] [%emt 00:01:12]} Re8 {[%clk
00:03:24] [%emt 00:01:04]} 37. Qb7 {[%clk 00:03:50] [%emt 00:02:27]} Kf8 {[%clk
00:02:41] [%emt 00:01:13]} 38. Nc6 {[%clk 00:03:19] [%emt 00:01:00]} Qd7 {[%clk
00:01:17] [%emt 00:01:54]} 39. Nf6 {[%clk 00:03:45] [%emt 00:00:04]} Qc8 {[%clk
00:01:17] [%emt 00:00:30]} 40. Qb5 {[%clk 00:04:06] [%emt 00:00:09]} e5 {[%clk
00:00:31] [%emt 00:01:16]} 41. Nxe8 {[%clk 00:01:49] [%emt 00:02:47]} Qxe8
{[%clk 00:48:27] [%emt 00:02:35]} 42. Qb7 {[%clk 00:52:10] [%emt 00:00:09]} Qf7
{[%clk 00:48:38] [%emt 00:00:18]} 43. Na7 {[%clk 00:52:36] [%emt 00:00:04]} Qf5
{[%clk 00:45:26] [%emt 00:03:42]} 44. Nb5 {[%clk 00:51:35] [%emt 00:01:32]} e4
{[%clk 00:45:41] [%emt 00:00:15]} 45. Nd4 {[%clk 00:52:02] [%emt 00:00:03]} 1-0

[Site "Europe Echecs"]

[Event "Grand Swiss "]
[Date "2025.09.15"]
[White "Kollars, Dmitrij"]
[Black "Ponomariov, Ruslan"]
[WhiteElo "2647"]
[BlackElo "2622"]
[Round "11.11.31"]
[Result "1/2-1/2"]

1. d4 {[%clk 01:40:53] [%emt 00:00:06]} d5 {[%clk 01:39:33] [%emt 00:01:27]} 2.
Nf3 {[%clk 01:41:12] [%emt 00:00:12]} Nf6 {[%clk 01:39:38] [%emt 00:00:25]} 3.
g3 {[%clk 01:41:18] [%emt 00:00:24]} c6 {[%clk 01:32:50] [%emt 00:07:18]} 4. c4
{[%clk 01:40:07] [%emt 00:01:41]} Bf5 {[%clk 01:25:44] [%emt 00:07:35]} 5. Nc3
{[%clk 01:40:08] [%emt 00:00:29]} e6 {[%clk 01:25:38] [%emt 00:00:36]} 6. Nh4
{[%clk 01:40:03] [%emt 00:00:34]} dxc4 {[%clk 01:25:26] [%emt 00:00:43]} 7. Nxf5
{[%clk 01:40:16] [%emt 00:00:17]} exf5 {[%clk 01:25:51] [%emt 00:00:05]} 8. e3
{[%clk 01:40:01] [%emt 00:00:45]} Nbd7 {[%clk 01:26:02] [%emt 00:00:19]} 9. Bxc4
{[%clk 01:39:50] [%emt 00:00:41]} Nb6 {[%clk 01:26:13] [%emt 00:00:19]} 10. Bb3
{[%clk 01:39:43] [%emt 00:00:37]} Bd6 {[%clk 01:24:20] [%emt 00:02:23]} 11. Bd2
{[%clk 01:36:33] [%emt 00:03:39]} Qe7 {[%clk 01:20:40] [%emt 00:04:10]} 12. O-O
{[%clk 01:16:21] [%emt 00:20:43]} O-O {[%clk 01:06:44] [%emt 00:14:26]} 13. Qf3
{[%clk 01:12:03] [%emt 00:04:48]} g6 {[%clk 01:05:09] [%emt 00:02:05]} 14. Rfd1
{[%clk 01:10:32] [%emt 00:01:59]} Rad8 {[%clk 01:03:25] [%emt 00:02:16]} 15. Be1
{[%clk 01:00:28] [%emt 00:10:34]} Kg7 {[%clk 00:56:58] [%emt 00:06:56]} 16. a3
{[%clk 00:51:39] [%emt 00:09:20]} a6 {[%clk 00:52:20] [%emt 00:05:08]} 17. Rac1
{[%clk 00:50:02] [%emt 00:02:07]} h5 {[%clk 00:50:48] [%emt 00:02:02]} 18. h4
{[%clk 00:46:01] [%emt 00:04:31]} Rfe8 {[%clk 00:49:17] [%emt 00:02:00]} 19. Ba2
{[%clk 00:39:44] [%emt 00:06:47]} Ne4 {[%clk 00:34:04] [%emt 00:15:43]} 20. Ne2
{[%clk 00:38:18] [%emt 00:01:57]} Nd5 {[%clk 00:33:06] [%emt 00:01:28]} 21. Rc2
{[%clk 00:30:25] [%emt 00:08:23]} Bb8 {[%clk 00:30:45] [%emt 00:02:51]} 22. Rdc1
{[%clk 00:29:15] [%emt 00:01:40]} Rd7 {[%clk 00:26:42] [%emt 00:04:33]} 23. Kg2
{[%clk 00:26:10] [%emt 00:03:36]} Qd8 {[%clk 00:25:17] [%emt 00:01:54]} 24. Nc3
{[%clk 00:24:36] [%emt 00:02:04]} Ndf6 {[%clk 00:24:17] [%emt 00:01:30]} 25. Qe2
{[%clk 00:22:26] [%emt 00:02:41]} Nxc3 {[%clk 00:17:30] [%emt 00:07:17]} 26.
Bxc3 {[%clk 00:21:37] [%emt 00:01:19]} Nd5 {[%clk 00:16:54] [%emt 00:01:05]} 27.
Qf3 {[%clk 00:20:32] [%emt 00:01:35]} Nxc3 {[%clk 00:13:37] [%emt 00:03:47]} 28.
Rxc3 {[%clk 00:19:54] [%emt 00:01:08]} Bd6 {[%clk 00:13:53] [%emt 00:00:14]} 29.
Bc4 {[%clk 00:16:52] [%emt 00:03:33]} Qb6 {[%clk 00:13:31] [%emt 00:00:51]} 30.
R1c2 {[%clk 00:13:03] [%emt 00:04:18]} Ree7 {[%clk 00:13:15] [%emt 00:00:47]}
31. b4 {[%clk 00:10:16] [%emt 00:03:18]} a5 {[%clk 00:13:23] [%emt 00:00:21]}
32. Rb3 {[%clk 00:10:24] [%emt 00:00:21]} Rd8 {[%clk 00:13:03] [%emt 00:00:50]}
33. Rcb2 {[%clk 00:09:52] [%emt 00:01:03]} axb4 {[%clk 00:12:52] [%emt
00:00:41]} 34. axb4 {[%clk 00:10:18] [%emt 00:00:04]} Ra8 {[%clk 00:13:11] [%emt
00:00:11]} 35. Qd1 {[%clk 00:09:28] [%emt 00:01:20]} Ra4 {[%clk 00:12:46] [%emt
00:00:54]} 36. Qd2 {[%clk 00:09:50] [%emt 00:00:09]} Re8 {[%clk 00:09:48] [%emt
00:03:28]} 37. Qc3 {[%clk 00:09:41] [%emt 00:00:38]} Be7 {[%clk 00:09:13] [%emt
00:01:05]} 38. Be2 {[%clk 00:07:27] [%emt 00:02:45]} Kg8 {[%clk 00:07:32] [%emt
00:02:11]} 39. Bc4 {[%clk 00:05:37] [%emt 00:02:20]} Rea8 {[%clk 00:06:47] [%emt
00:01:15]} 40. Qc2 {[%clk 00:02:51] [%emt 00:03:14]} Kg7 {[%clk 00:04:24] [%emt
00:02:55]} 41. Rb1 {[%clk 00:45:49] [%emt 00:07:32]} Ra2 {[%clk 00:47:36] [%emt
00:07:16]} 42. R3b2 {[%clk 00:43:55] [%emt 00:02:25]} R2a3 {[%clk 00:44:40]
[%emt 00:03:27]} 43. Ra2 {[%clk 00:35:53] [%emt 00:08:32]} Qc7 {[%clk 00:36:15]
[%emt 00:08:54]} 44. Rxa3 {[%clk 00:24:23] [%emt 00:12:01]} Rxa3 {[%clk
00:36:19] [%emt 00:00:26]} 45. Ba2 {[%clk 00:24:15] [%emt 00:00:37]} Bd6 {[%clk
00:35:28] [%emt 00:01:22]} 46. Rb2 {[%clk 00:23:10] [%emt 00:01:35]} Qe7 {[%clk
00:33:17] [%emt 00:02:40]} 47. Bc4 {[%clk 00:19:26] [%emt 00:04:16]} Ra7 {[%clk
00:31:14] [%emt 00:02:33]} 48. b5 {[%clk 00:17:50] [%emt 00:02:05]} c5 {[%clk
00:30:33] [%emt 00:01:11]} 49. b6 {[%clk 00:18:05] [%emt 00:00:16]} Ra3 {[%clk
00:30:00] [%emt 00:01:02]} 50. dxc5 {[%clk 00:17:54] [%emt 00:00:40]} Bxc5
{[%clk 00:30:15] [%emt 00:00:16]} 51. Bd5 {[%clk 00:15:40] [%emt 00:02:44]} Ra8
{[%clk 00:25:59] [%emt 00:04:46]} 52. Rb5 {[%clk 00:14:24] [%emt 00:01:46]} Bd6
{[%clk 00:26:17] [%emt 00:00:13]} 53. Qc3+ {[%clk 00:13:18] [%emt 00:01:36]} Kg8
{[%clk 00:16:42] [%emt 00:10:04]} 54. Qc4 {[%clk 00:12:02] [%emt 00:01:47]} Rd8
{[%clk 00:15:22] [%emt 00:01:49]} 55. Ra5 {[%clk 00:07:58] [%emt 00:04:33]} Bb8
{[%clk 00:15:13] [%emt 00:00:40]} 56. Bf3 {[%clk 00:07:11] [%emt 00:01:17]} Kg7
{[%clk 00:14:38] [%emt 00:01:05]} 57. Qc3+ {[%clk 00:07:26] [%emt 00:00:16]} Kh7
{[%clk 00:14:28] [%emt 00:00:39]} 58. Rc5 {[%clk 00:06:54] [%emt 00:01:02]} Bd6
{[%clk 00:14:43] [%emt 00:00:15]} 59. Rb5 {[%clk 00:04:44] [%emt 00:02:40]} Bb8
{[%clk 00:10:18] [%emt 00:04:55]} 60. Kg1 {[%clk 00:03:08] [%emt 00:02:06]} Bd6
{[%clk 00:10:01] [%emt 00:00:46]} 61. Rd5 {[%clk 00:14:46] [%emt 00:03:52]} Bb4
{[%clk 00:23:15] [%emt 00:02:17]} 62. Qb3 {[%clk 00:13:48] [%emt 00:01:28]} Rxd5
{[%clk 00:15:32] [%emt 00:08:13]} 63. Bxd5 {[%clk 00:14:17] [%emt 00:00:01]} Bc5
{[%clk 00:14:42] [%emt 00:01:20]} 64. Bxf7 {[%clk 00:14:07] [%emt 00:00:40]} Qf6
{[%clk 00:13:44] [%emt 00:01:28]} 65. Be6 {[%clk 00:08:26] [%emt 00:06:11]} Qd8
{[%clk 00:11:47] [%emt 00:02:27]} 66. Bd5 {[%clk 00:06:04] [%emt 00:02:53]} Bxb6
{[%clk 00:11:27] [%emt 00:00:50]} 67. Bxb7 {[%clk 00:06:05] [%emt 00:00:28]} Qf6
{[%clk 00:10:29] [%emt 00:01:28]} 68. Bd5 {[%clk 00:05:22] [%emt 00:01:13]} Bc5
{[%clk 00:09:09] [%emt 00:01:50]} 69. Qb7+ {[%clk 00:05:06] [%emt 00:00:46]} Be7
{[%clk 00:09:01] [%emt 00:00:38]} 70. Qc8 {[%clk 00:04:59] [%emt 00:00:36]} Bf8
{[%clk 00:08:18] [%emt 00:01:14]} 71. Be6 {[%clk 00:03:59] [%emt 00:01:30]} Kh6
{[%clk 00:07:37] [%emt 00:01:11]} 72. Bb3 {[%clk 00:03:57] [%emt 00:00:32]} Bg7
{[%clk 00:07:48] [%emt 00:00:18]} 73. Bg8 {[%clk 00:03:30] [%emt 00:00:58]} Qf8
{[%clk 00:06:46] [%emt 00:01:32]} 74. Qc4 {[%clk 00:03:52] [%emt 00:00:08]} Bf6
{[%clk 00:06:34] [%emt 00:00:42]} 75. Be6 {[%clk 00:03:38] [%emt 00:00:44]} Kh7
{[%clk 00:06:26] [%emt 00:00:38]} 76. Qd5 {[%clk 00:03:26] [%emt 00:00:43]} Bg7
{[%clk 00:06:43] [%emt 00:00:12]} 77. Bf7 {[%clk 00:03:29] [%emt 00:00:27]} Bf6
{[%clk 00:06:47] [%emt 00:00:26]} *

[Site "Europe Echecs"]